|
|
|
|
| LEADER |
02539nam a22005055i 4500 |
| 001 |
978-0-387-27045-6 |
| 003 |
DE-He213 |
| 005 |
20151204141334.0 |
| 007 |
cr nn 008mamaa |
| 008 |
100301s2005 xxu| s |||| 0|eng d |
| 020 |
|
|
|a 9780387270456
|9 978-0-387-27045-6
|
| 024 |
7 |
|
|a 10.1007/b138516
|2 doi
|
| 040 |
|
|
|d GrThAP
|
| 050 |
|
4 |
|a QP351-495
|
| 072 |
|
7 |
|a PSAN
|2 bicssc
|
| 072 |
|
7 |
|a SCI070000
|2 bisacsh
|
| 072 |
|
7 |
|a MED057000
|2 bisacsh
|
| 082 |
0 |
4 |
|a 573.8
|2 23
|
| 245 |
1 |
0 |
|a Auditory Signal Processing
|h [electronic resource] :
|b Physiology, Psychoacoustics, and Models /
|c edited by Daniel Pressnitzer, Alain de Cheveigné, Stephen McAdams, Lionel Collet.
|
| 264 |
|
1 |
|a New York, NY :
|b Springer New York,
|c 2005.
|
| 300 |
|
|
|a XIV, 524 p.
|b online resource.
|
| 336 |
|
|
|a text
|b txt
|2 rdacontent
|
| 337 |
|
|
|a computer
|b c
|2 rdamedia
|
| 338 |
|
|
|a online resource
|b cr
|2 rdacarrier
|
| 347 |
|
|
|a text file
|b PDF
|2 rda
|
| 505 |
0 |
|
|a Cochlear signal processing -- Brainstem signal processing -- Pitch -- Frequency modulation -- Streaming -- Amplitude modulation -- Responses to complex sounds -- Speech -- Comodulation masking release -- Binaural hearing -- Temporal coding -- Plasticity.
|
| 520 |
|
|
|a The result of extensive collaboration among leaders of the worldwide auditory research community, Auditory Signal Processing: Physiology, Psychoacoustics, and Models is a record of the papers presented at the XIIIth International Symposium on Hearing (ISH) Dourdan, France, August 24 - 29, 2003. The volume includes a total of 62 invited papers, organized into 12 broad thematic areas: cochlear signal processing; brainstem signal processing; pitch; frequency modulation; streaming; amplitude modulation; responses to complex sounds; speech; comodulation masking release; binaural hearing; temporal coding; and plasticity.
|
| 650 |
|
0 |
|a Life sciences.
|
| 650 |
|
0 |
|a Neurosciences.
|
| 650 |
|
0 |
|a Otorhinolaryngology.
|
| 650 |
|
0 |
|a Neurobiology.
|
| 650 |
1 |
4 |
|a Life Sciences.
|
| 650 |
2 |
4 |
|a Neurobiology.
|
| 650 |
2 |
4 |
|a Neurosciences.
|
| 650 |
2 |
4 |
|a Otorhinolaryngology.
|
| 700 |
1 |
|
|a Pressnitzer, Daniel.
|e editor.
|
| 700 |
1 |
|
|a Cheveigné, Alain de.
|e editor.
|
| 700 |
1 |
|
|a McAdams, Stephen.
|e editor.
|
| 700 |
1 |
|
|a Collet, Lionel.
|e editor.
|
| 710 |
2 |
|
|a SpringerLink (Online service)
|
| 773 |
0 |
|
|t Springer eBooks
|
| 776 |
0 |
8 |
|i Printed edition:
|z 9780387219158
|
| 856 |
4 |
0 |
|u http://dx.doi.org/10.1007/b138516
|z Full Text via HEAL-Link
|
| 912 |
|
|
|a ZDB-2-SBL
|
| 950 |
|
|
|a Biomedical and Life Sciences (Springer-11642)
|